| 000 | 00000cam 2200000zi 4500 |
| 001 | 9.962704 |
| 003 | CaOODSP |
| 005 | 20260511102159 |
| 006 | m o d f |
| 007 | cr cn||||||||| |
| 008 | 260511e202605##onca ob f000 0 fre d |
| 040 | |aCaOODSP|bfre|erda|cCaOODSP |
| 043 | |an-cn--- |
| 086 | 1 |aYC34-0/451-2F-PDF |
| 110 | 1 |aCanada. |bParlement. |bSénat. |bComité sénatorial permanent des langues officielles, |eauteur, |eorganisme de publication. |
| 245 | 10|aProjet de règlement sur les sanctions administratives pécuniaires en matière de langues officielles : |brapport intérimaire du Comité sénatorial permanent des langues officielles / |cl'honourable Allister Surette, président ; l'honourable Rose-May Poirier, vice-présidente. |
| 246 | 13|aProjet de règlement sur les sanctions administratives pécuniaires en matière de langues officielles |
| 246 | 13|aRapport provisoire sur le projet de règlement sur les sanctions administratives pécuniaires en matière de langues officielles |
| 264 | 1|a[Ottawa] : |bSénat, Canada = Senate, Canada, |cmai 2026. |
| 300 | |a1 ressource en ligne (20 pages) : |billustrations en couleur. |
| 336 | |atexte|btxt|2rdacontent/fre |
| 337 | |ainformatique|bc|2rdamedia/fre |
| 338 | |aressource en ligne|bcr|2rdacarrier/fre |
| 490 | 1 |aRapport intérimaire du Comité sénatorial permanent des langues officielles ; |v[2e rapport, 45e législature, 1re session] |
| 500 | |aPublié aussi en anglais sous le titre : Proposed official languages administrative monetary penalties regulations: interim report of the Standing Senate Committee on Official Languages. |
| 500 | |aTitre de la couverture. |
| 504 | |aComprend des références bibliographiques. |
| 610 | 16|aCanada. |tLoi sur les langues officielles (1988) |
| 650 | 6|aDroits linguistiques (Droit international)|zCanada. |
| 650 | 6|aSanctions administratives|zCanada. |
| 650 | 6|aVoyageurs|xServices|zCanada. |
| 651 | 6|aCanada|xLangues|xDroit. |
| 700 | 1 |aSurette, Allister W., |d1961- |
| 700 | 1 |aPoirier, Rose-May, |d1954- |
| 775 | 08|tProposed official languages administrative monetary penalties regulations : |w(CaOODSP)9.962703 |
| 830 | #0|aRapport du Comité sénatorial permanent des langues officielles ;|v2e rapport, 45e législature, 1re session.|w(CaOODSP)9.501658 |
| 856 | 40|qPDF|s1.72 Mo|uhttps://publications.gc.ca/collections/collection_2026/sen/yc34-0/YC34-0-451-2-fra.pdf |